| 000 | 00599nam a2200133Ia 4500 | ||
|---|---|---|---|
| 008 | 171212s9999 xx 000 0 und d | ||
| 020 | _a9781922144089 | ||
| 100 | _aKral, Inge;Schwab, Robert G. | ||
| 245 |
_cKral, Inge;Schwab, Robert G. _aLearning Spaces _bYouth, Literacy and New Media in Remote Indigenous Australia |
||
| 260 |
_bANU E Press _c2012 |
||
| 650 | _aComputers and literacy -- Australia; Aboriginal Australians -- Effect of technological innovations on; Learning -- Technological innovations -- Australia | ||
| 650 | _aEducation | ||
| 856 | _uwww.jstor.org/stable/10.2307/j.ctt24h9xd | ||
| 999 |
_c351187 _d351187 |
||